ნორმალური ფორმატი
MARC ფორმატი
ჩანაწერი Corporate Name
ჩანაწერთა რაოდენობა, რომელიც გამოყენებულია: 1
001 - CONTROL NUMBER
- control field: 14983
003 - CONTROL NUMBER IDENTIFIER
- control field: GE_BSU
005 - DATE AND TIME OF LATEST TRANSACTION
- control field: 20221003154104.0
008 - FIXED-LENGTH DATA ELEMENTS
- fixed length control field: 221003|| aca||aabn | a|a d
040 ## - CATALOGING SOURCE
- Original cataloging agency: GE_BSU
- Transcribing agency: GE_BSU
110 ## - HEADING--CORPORATE NAME
- Corporate name or jurisdiction name as entry element: საქ. საპატრიარქოს წმ. თამარ მეფის სახ. სასწ. უნ-ტი, სულიერი და სოციალურ-კულტ. განვ. ფონდი "თამარის დროშა", კონრად ადენაუერის ფონდი.
670 ## - SOURCE DATA FOUND
- Source citation: Work cat.: (GE_BSU)41341: ახალაძე,ადამი( ვახტანგ; არქიმანდრიტი). 14979, ადამიანი ბიოეთიკურ დროსა და სივრცეში=A Human in bioethical space and time=Человек в биоэтическом времени и пространстве /
